[Event "III Memorial Dario Ruzzier"]
[Site "Udine ITA"]
[Date "2007.09.22"]
[Round "1"]
[White "Rossi, Francesco"]
[Black "Di Gaspero, Enrico"]
[Result "1-0"]
[WhiteElo "1596"]
[BlackElo "1446"]
[PlyCount "43"]
[EventDate "2007.09.22"]

1. e4 e6 2. d4 d5 3. Nc3 dxe4 4. Nxe4 Nd7 5. Nf3 Ngf6 6. Nxf6+ Nxf6 7. Bd3 Be7
8. O-O O-O 9. Re1 b6 10. Qe2 Bb7 11. Be3 Qd7 12. Rad1 Rac8 13. a3 Rfd8 14. h3
Nd5 15. Ne5 Qd6 16. Bxh7+ Kf8 17. Qh5 g6 18. Qh6+ Ke8 19. Qg7 Rd7 20. Qxf7+ Kd8
21. Qg8+ Bf8 22. Bg5+ 1-0

[Event "III Memorial Dario Ruzzier"]
[Site "Udine ITA"]
[Date "2007.09.22"]
[Round "1"]
[White "Salone, Andrea"]
[Black "De Monte, David"]
[Result "0-1"]
[WhiteElo "1491"]
[BlackElo "1464"]
[PlyCount "44"]
[EventDate "2007.09.22"]

1. Nf3 d5 2. g3 Nc6 3. Bg2 e5 4. d3 Nf6 5. O-O Bg4 6. Nbd2 Bc5 7. a3 O-O 8. b4
Bb6 9. c4 a6 10. Bb2 Re8 11. h3 Bh5 12. g4 Bg6 13. b5 axb5 14. cxb5 Nd4 15.
Nxd4 exd4 16. Nf3 Qd7 17. a4 c5 18. bxc6 bxc6 19. Qc2 Reb8 20. Nxd4 c5 21. Nb5
c4 22. dxc4 Bxc2 0-1

[Event "III Memorial Dario Ruzzier"]
[Site "Udine ITA"]
[Date "2007.09.29"]
[Round "2"]
[White "Bertolutti, Francesca"]
[Black "Fermo, Ruggero"]
[Result "0-1"]
[WhiteElo "1422"]
[BlackElo "1801"]
[PlyCount "82"]
[EventDate "2007.09.22"]

1. e4 e5 2. Nf3 Nc6 3. d4 exd4 4. Nxd4 Qf6 5. Nxc6 Bc5 6. f3 bxc6 7. Nc3 a5 8.
Na4 Ba7 9. Bc4 d6 10. Qe2 Ne7 11. h4 Ng6 12. Bg5 Qe5 13. O-O-O O-O 14. Kb1 Rb8
15. Ba6 Bd4 16. c3 Bxc3 17. Nxc3 Bxa6 18. Qxa6 Qxc3 19. Qe2 Rb5 20. Rc1 Qe5 21.
Be3 Rfb8 22. Rc2 c5 23. Bc1 a4 24. Qd2 Ne7 25. Qg5 Nc6 26. Qxe5 Nxe5 27. Rd1 f6
28. Rd5 Nc6 29. Rc4 Rb4 30. Rxb4 Nxb4 31. Rf5 Kf7 32. h5 g6 33. hxg6+ hxg6 34.
Rf4 Rh8 35. Rg4 Rh1 36. e5 fxe5 37. a3 Nd3 38. Rc4 d5 39. Rc3 c4 40. Ka2 Nxc1+
41. Kb1 Nb3+ 0-1

[Event "III Memorial Dario Ruzzier"]
[Site "Udine ITA"]
[Date "2007.09.29"]
[Round "2"]
[White "Bisaro, Andrea"]
[Black "Canciani, Sardo"]
[Result "1/2-1/2"]
[WhiteElo "1545"]
[BlackElo "1550"]
[PlyCount "117"]
[EventDate "2007.09.22"]

1. d4 Nf6 2. c4 c5 3. d5 b5 4. cxb5 a6 5. b6 d6 6. Qb3 Bb7 7. Nc3 Nbd7 8. e4
Qxb6 9. Qxb6 Nxb6 10. a4 g6 11. f4 Bg7 12. Nf3 O-O 13. a5 Nbd7 14. Bc4 Ne8 15.
O-O Nc7 16. Bd2 Rab8 17. Rae1 e5 18. dxe6 fxe6 19. Ng5 Rbe8 20. f5 Ne5 21.
Bxe6+ Nxe6 22. Nxe6 Rf7 23. fxg6 Rxf1+ 24. Rxf1 Rxe6 25. gxh7+ Kxh7 26. Rf4 Kg8
27. h4 Rf6 28. Rxf6 Bxf6 29. h5 Nd3 30. b3 Ne5 31. Kh2 Kh7 32. Kg3 Bg7 33. Nd5
Bxd5 34. exd5 Bh6 35. Bc3 Nd7 36. Kg4 Kg8 37. Kf5 Kf7 38. g4 Nf8 39. g5 Bg7 40.
g6+ Kg8 41. Bxg7 Kxg7 42. Kg5 Nd7 43. h6+ Kg8 44. Kf5 Ne5 45. Ke6 c4 46. bxc4
Nxc4 47. Kf6 Ne5 48. Ke7 Nc4 49. g7 Nxa5 50. Kxd6 Nc4+ 51. Kc5 Ne5 52. d6 a5
53. Kb5 Kh7 54. Ka4 Kg8 55. Kb3 Kh7 56. Kc3 a4 57. Kc2 a3 58. Kb3 Kg8 59. Ka2
1/2-1/2

[Event "III Memorial Dario Ruzzier"]
[Site "Udine ITA"]
[Date "2007.09.29"]
[Round "2"]
[White "De Monte, David"]
[Black "Bizzoco, Vito"]
[Result "0-1"]
[WhiteElo "1464"]
[BlackElo "1769"]
[PlyCount "92"]
[EventDate "2007.09.22"]

1. e4 c5 2. Nf3 e6 3. c3 d5 4. exd5 Qxd5 5. Bb5+ Bd7 6. Qa4 Nf6 7. O-O a6 8.
Bxd7+ Nbxd7 9. Re1 Be7 10. d4 b5 11. Qc2 cxd4 12. cxd4 O-O 13. Nc3 Qb7 14. Bg5
Rac8 15. Qb3 Nb6 16. Rad1 Rfd8 17. a3 Nfd5 18. Nxd5 Qxd5 19. Qxd5 Nxd5 20. Bxe7
Nxe7 21. Rc1 Nd5 22. Rc5 Nf4 23. Re3 b4 24. axb4 Rb8 25. g3 Nd5 26. Rec3 Nxc3
27. bxc3 Rdc8 28. Ne5 Rxc5 29. dxc5 a5 30. c6 axb4 31. cxb4 Rxb4 32. Kg2 Rb1
33. h4 Rc1 34. g4 f6 35. Nf3 Rxc6 36. g5 Rc2 37. gxf6 gxf6 38. Nd4 Rc4 39. Nxe6
Rxh4 40. f4 Kf7 41. Kg3 Kxe6 42. Kxh4 Kf5 43. Kg3 Ke4 44. Kg4 f5+ 45. Kg5 h6+
46. Kxh6 Kxf4 0-1

[Event "III Memorial Dario Ruzzier"]
[Site "Udine ITA"]
[Date "2007.09.29"]
[Round "2"]
[White "Pecchiari, Alberto"]
[Black "Gentile, Bruno"]
[Result "1-0"]
[WhiteElo "1287"]
[BlackElo "1449"]
[PlyCount "86"]
[EventDate "2007.09.22"]

1. e4 e5 2. Nf3 Nf6 3. Nc3 Nc6 4. Bb5 d6 5. d3 Bd7 6. O-O a6 7. Bxc6 Bxc6 8.
Re1 Qd7 9. d4 exd4 10. Nxd4 O-O-O 11. Nxc6 Qxc6 12. Nd5 Nd7 13. Be3 Re8 14. f3
h5 15. b3 f6 16. c4 b6 17. Qc2 Qb7 18. b4 c6 19. Nc3 g5 20. b5 Ne5 21. bxc6
Qxc6 22. Nd5 Nd7 23. Rac1 Kb7 24. a4 a5 25. Rb1 Rb8 26. Rb5 Kc8 27. Reb1 Rh7
28. Nxb6+ Nxb6 29. Rxb6 Rxb6 30. Rxb6 Qa8 31. Qc3 Rb7 32. Rb5 Be7 33. Bd4 Kd7
34. Bxf6 Rxb5 35. cxb5 Bxf6 36. Qxf6 Qa7+ 37. Kf1 Qe3 38. Qf7+ Kd8 39. Qc4 Qc5
40. Qxc5 dxc5 41. Ke2 Kc7 42. Kd3 Kd6 43. Kc4 Ke5 1-0

[Event "III Memorial Dario Ruzzier"]
[Site "Udine ITA"]
[Date "2007.09.29"]
[Round "2"]
[White "Rorato, Giovanni Riccardo"]
[Black "Rossi, Francesco"]
[Result "1-0"]
[WhiteElo "2050"]
[BlackElo "1596"]
[PlyCount "51"]
[EventDate "2007.09.22"]

1. d4 Nf6 2. Nf3 d5 3. c4 e6 4. g3 dxc4 5. Qa4+ Nbd7 6. Qxc4 Nb6 7. Qc2 Bd7 8.
Bg2 Bc6 9. Nc3 Bb4 10. Bg5 h6 11. Bxf6 Qxf6 12. O-O O-O 13. e4 Rad8 14. a3 Bxc3
15. bxc3 Ba4 16. Qb2 Bc6 17. Ne5 Ba4 18. Qb4 Rc8 19. Nd3 a5 20. Qxa5 Ra8 21.
Qb4 Qg5 22. f4 Qb5 23. Nc5 Qe2 24. Bf3 Qe3+ 25. Kg2 Bc2 26. Rae1 1-0

[Event "III Memorial Dario Ruzzier"]
[Site "Udine ITA"]
[Date "2007.09.29"]
[Round "2"]
[White "Santacroce, Fidel"]
[Black "Orsatti, Marcello"]
[Result "0-1"]
[WhiteElo "1586"]
[BlackElo "1857"]
[PlyCount "90"]
[EventDate "2007.09.22"]

1. e4 d6 2. d4 Nf6 3. Nc3 c6 4. f4 Qa5 5. Bd3 e5 6. fxe5 dxe5 7. dxe5 Ng4 8. h3
Nxe5 9. Nf3 Nbd7 10. O-O Bc5+ 11. Kh1 O-O 12. Bf4 Ba3 13. Qc1 Qxc3 14. bxc3
Bxc1 15. Raxc1 Re8 16. Rf2 Nxf3 17. gxf3 Nc5 18. Kh2 Be6 19. a3 Rad8 20. Rd1
Na4 21. Bd2 b6 22. f4 Nb2 23. Rg1 Nxd3 24. cxd3 Rxd3 25. f5 Bc4 26. f6 g6 27.
Rg4 Red8 28. Rgg2 Be6 29. Bg5 Rxh3+ 30. Kg1 Rxc3 31. Rd2 Rdd3 32. Rxd3 Rxd3 33.
Rd2 Rxd2 34. Bxd2 Kf8 35. Kf2 Ke8 36. Kf3 Kd7 37. Bf4 c5 38. Bb8 a6 39. Kf4 Kc6
40. Kg5 h5 41. Kh6 c4 42. Kg7 c3 43. Kf8 c2 44. Bf4 h4 45. Ke8 h3 0-1

[Event "III Memorial Dario Ruzzier"]
[Site "Udine ITA"]
[Date "2007.09.29"]
[Round "2"]
[White "Sorgo, Roberto"]
[Black "Petrosino, Germano"]
[Result "1/2-1/2"]
[WhiteElo "1835"]
[BlackElo "1536"]
[PlyCount "92"]
[EventDate "2007.09.22"]

1. d4 d5 2. Nf3 e6 3. Bg5 Be7 4. Bxe7 Qxe7 5. c3 Nf6 6. Nbd2 Nbd7 7. e3 O-O 8.
Bd3 e5 9. dxe5 Nxe5 10. Nxe5 Qxe5 11. Nf3 Qe7 12. h3 Rd8 13. Qc2 a5 14. O-O Ne4
15. Rfe1 h6 16. Rad1 Ng5 17. Nxg5 Qxg5 18. f4 Qg3 19. Qf2 Qxf2+ 20. Kxf2 f5 21.
c4 c6 22. cxd5 cxd5 23. e4 fxe4 24. Bxe4 Be6 25. Bc2 Bf7 26. Rd4 b5 27. a3 Rab8
28. b4 a4 29. Bd3 Rdc8 30. Re3 Kf8 31. Bf5 Rc4 32. Red3 Ke7 33. Bg4 h5 34. Bf3
h4 35. Bxd5 Bxd5 36. Rxd5 Rxf4+ 37. Ke3 Rc4 38. Rd7+ Kf8 39. R7d5 Re8+ 40. Kd2
Rec8 41. Rf5+ Kg8 42. Rg5 Rc2+ 43. Ke3 Re8+ 44. Kf3 Rf8+ 45. Ke3 Re8+ 46. Kf3
Rf8+ 1/2-1/2

[Event "III Memorial Dario Ruzzier"]
[Site "Udine ITA"]
[Date "2007.09.29"]
[Round "2"]
[White "Stefanutti, Piero"]
[Black "Degano, Emanuele"]
[Result "0-1"]
[WhiteElo "1371"]
[BlackElo "1623"]
[PlyCount "54"]
[EventDate "2007.09.22"]

1. e4 c5 2. Nf3 Nf6 3. e5 Nd5 4. Nc3 e6 5. Nxd5 exd5 6. d4 d6 7. Bb5+ Nc6 8. c4
dxc4 9. Bxc6+ bxc6 10. O-O d5 11. Qa4 Bd7 12. Be3 cxd4 13. Nxd4 c5 14. e6 Bxa4
15. exf7+ Kxf7 16. Nf3 d4 17. Ne5+ Kg8 18. Bd2 Qb8 19. Rfe1 Qxb2 20. Nxc4 Qc2
21. Rac1 Qxa2 22. Bf4 Re8 23. Ne5 Bd6 24. h4 Qd5 25. Ra1 Bc6 26. Nxc6 Rxe1+ 27.
Rxe1 Qxc6 0-1

[Event "III Memorial Dario Ruzzier"]
[Site "Udine ITA"]
[Date "2007.09.29"]
[Round "2"]
[White "Zarattini, Luciano"]
[Black "Paiaro, Solivano"]
[Result "1-0"]
[WhiteElo "1458"]
[BlackElo "1236"]
[PlyCount "73"]
[EventDate "2007.09.22"]

1. Nf3 d5 2. g3 Nf6 3. Bg2 c6 4. d3 Bg4 5. Nbd2 Qc8 6. h3 Bxf3 7. Nxf3 e6 8.
O-O Bc5 9. e3 O-O 10. Qe2 Qc7 11. e4 Nh5 12. d4 Bb6 13. e5 g6 14. Bh6 Re8 15.
c3 Nd7 16. Nd2 a5 17. Bf3 Ng7 18. h4 Nf5 19. Bf4 Kg7 20. Kg2 h6 21. Rh1 Kh7 22.
g4 Ng7 23. Rag1 f6 24. Qe3 fxe5 25. Bxh6 exd4 26. cxd4 e5 27. h5 exd4 28. Qg5
Re6 29. hxg6+ Rxg6 30. Bxg7+ Kxg7 31. Qh5 Rf8 32. Qh7+ Kf6 33. Re1 Ne5 34. Qh5
Rg5 35. Qh6+ Rg6 36. Qxf8+ Nf7 37. Rh7 1-0

[Event "III Memorial Dario Ruzzier"]
[Site "Udine ITA"]
[Date "2007.10.06"]
[Round "3"]
[White "Bizzoco, Vito"]
[Black "Sorgo, Roberto"]
[Result "1-0"]
[WhiteElo "1769"]
[BlackElo "1835"]
[PlyCount "93"]
[EventDate "2007.09.22"]

1. d4 e6 2. c4 f5 3. g3 Nf6 4. Bg2 Bb4+ 5. Nd2 a5 6. Ngf3 b6 7. Ne5 Ra7 8. O-O
Bb7 9. Ndf3 Bd6 10. Nd3 O-O 11. Bf4 Bxf4 12. Nxf4 Qe8 13. e3 d6 14. Nd3 Nbd7
15. Rc1 c5 16. dxc5 bxc5 17. Nf4 e5 18. Ne2 Ne4 19. Nc3 Ndf6 20. Nb5 Ra6 21.
Nc7 Qc6 22. Nxa6 Qxa6 23. Nd2 Ng5 24. f3 d5 25. cxd5 Nxd5 26. Qb3 a4 27. Qc4
Qa5 28. Rf2 Ne6 29. e4 Ndc7 30. exf5 Rxf5 31. Bh3 Rf6 32. Ne4 Bxe4 33. Qxe4 Ng5
34. Qc4+ Kf8 35. Bg2 Nce6 36. Qd5 Qc7 37. b4 axb3 38. axb3 Qb8 39. Ra2 Qb6 40.
Ra8+ Kf7 41. Kh1 h6 42. h4 Nh7 43. h5 Rf5 44. Qd7+ Kf6 45. g4 Rg5 46. Ra7 e4
47. f4 1-0

[Event "III Memorial Dario Ruzzier"]
[Site "Udine ITA"]
[Date "2007.10.06"]
[Round "3"]
[White "Canciani, Sardo"]
[Black "Rozmann, Glauco"]
[Result "1-0"]
[WhiteElo "1550"]
[BlackElo "1476"]
[PlyCount "99"]
[EventDate "2007.09.22"]

1. d4 d5 2. Bf4 Nf6 3. e3 e6 4. Bd3 Bd7 5. h3 Bc6 6. Nf3 h6 7. Nbd2 Nbd7 8. Qe2
Bb4 9. c3 Be7 10. O-O Nf8 11. Rfe1 Ne4 12. Ne5 Bg5 13. Nxc6 bxc6 14. Bh2 Nxd2
15. Qxd2 h5 16. Rac1 Nd7 17. c4 Rc8 18. cxd5 cxd5 19. Ba6 Nb6 20. Bxc8 Nc4 21.
Qc2 O-O 22. b3 Nxe3 23. fxe3 Qxc8 24. Qxc7 Qa6 25. Qc2 f5 26. Bf4 Be7 27. Qc6
Qxa2 28. Qxe6+ Rf7 29. Rc8+ Bf8 30. Rxf8+ Kxf8 31. Bd6+ Kg8 32. Qe8+ Kh7 33.
Qxf7 Qd2 34. Qxf5+ Kg8 35. Qxd5+ Kh8 36. Qxh5+ Kg8 37. Qe2 Qa5 38. b4 Qd5 39.
Bc5 Qg5 40. Rf1 Kh7 41. Qd3+ Kh6 42. Rf8 g6 43. Rf7 Qg3 44. Qe2 a5 45. bxa5 Qf4
46. Rxf4 g5 47. Rh4+ gxh4 48. Qg4 Kh7 49. Bf8 Kh8 50. Qg7# 1-0

[Event "III Memorial Dario Ruzzier"]
[Site "Udine ITA"]
[Date "2007.10.06"]
[Round "3"]
[White "Degano, Emanuele"]
[Black "Petrosino, Germano"]
[Result "1/2-1/2"]
[WhiteElo "1623"]
[BlackElo "1536"]
[PlyCount "67"]
[EventDate "2007.09.22"]

1. e4 e5 2. Nf3 Nc6 3. Bc4 Be7 4. d4 d6 5. dxe5 dxe5 6. Qxd8+ Bxd8 7. Nc3 Nge7
8. O-O O-O 9. a3 Kh8 10. Ng5 Kg8 11. Nf3 Kh8 12. Nd5 h6 13. Nxe7 Bxe7 14. Bd5
Bd7 15. b4 Bd6 16. c4 a6 17. Bb2 f6 18. Rfd1 b6 19. b5 axb5 20. cxb5 Na5 21.
Bxa8 Nc4 22. Bc6 Bxc6 23. bxc6 Nxb2 24. Rd5 g5 25. Ra2 Na4 26. Rad2 Nc3 27.
Rxd6 cxd6 28. Rxd6 Nxe4 29. Rd7 Nc5 30. Ra7 Rc8 31. c7 Ne6 32. Rb7 Rxc7 33.
Rxc7 Nxc7 34. Nd2 1/2-1/2

[Event "III Memorial Dario Ruzzier"]
[Site "Udine ITA"]
[Date "2007.10.06"]
[Round "3"]
[White "Di Gaspero, Enrico"]
[Black "Santacroce, Fidel"]
[Result "0-1"]
[WhiteElo "1446"]
[BlackElo "1586"]
[PlyCount "52"]
[EventDate "2007.09.22"]

1. e4 c5 2. Nf3 e6 3. d4 cxd4 4. Nxd4 a6 5. Nc3 Qc7 6. Be3 Nf6 7. f3 Nc6 8. Qd2
b5 9. O-O-O Qa5 10. Nb3 Qc7 11. g4 Ne5 12. g5 Nh5 13. Qg2 Nc4 14. Bf2 Bb7 15.
Be2 Rc8 16. Na1 Nxb2 17. Kxb2 Qxc3+ 18. Kb1 Ba3 19. Bd4 Qb4+ 20. Nb3 Nf4 21.
Qf2 a5 22. Ka1 Rxc2 23. Rhe1 a4 24. Nd2 Bb2+ 25. Kb1 Bxd4+ 26. Kxc2 Qb2# 0-1

[Event "III Memorial Dario Ruzzier"]
[Site "Udine ITA"]
[Date "2007.10.06"]
[Round "3"]
[White "Fermo, Ruggero"]
[Black "De Monte, David"]
[Result "1-0"]
[WhiteElo "1801"]
[BlackElo "1464"]
[PlyCount "77"]
[EventDate "2007.09.22"]

1. e4 c5 2. Nf3 e6 3. c3 Nc6 4. Bd3 g6 5. Bc2 a6 6. a3 Bg7 7. d4 cxd4 8. cxd4
Nge7 9. Nc3 O-O 10. O-O d5 11. e5 Bd7 12. Be3 Nc8 13. h4 Nb6 14. b3 Be8 15. h5
f6 16. hxg6 Bxg6 17. Bxg6 hxg6 18. Qd3 Ne7 19. exf6 Bxf6 20. Ne2 Nd7 21. Nf4 e5
22. dxe5 Nxe5 23. Nxe5 Bxe5 24. Nxg6 Nxg6 25. Qxg6+ Bg7 26. Bd4 Rf7 27. Rfd1
Qd7 28. Rd3 Re8 29. Rh3 Re6 30. Qh7+ Kf8 31. Bxg7+ Rxg7 32. Qh8+ Kf7 33. Rf3+
Rf6 34. Qh5+ Rgg6 35. Rd1 Rxf3 36. Qxf3+ Kg7 37. Qxd5 Qg4 38. Qd7+ Qxd7 39.
Rxd7+ 1-0

[Event "III Memorial Dario Ruzzier"]
[Site "Udine ITA"]
[Date "2007.10.06"]
[Round "3"]
[White "Paravan, Luca"]
[Black "Pecchiari, Alberto"]
[Result "0-1"]
[WhiteElo "1440"]
[BlackElo "1287"]
[PlyCount "84"]
[EventDate "2007.09.22"]

1. e4 e5 2. Nf3 Nc6 3. d4 exd4 4. Nxd4 Nf6 5. Nc3 Bb4 6. Be3 Nxe4 7. Qd3 Bxc3+
8. bxc3 Nf6 9. f3 O-O 10. O-O-O d6 11. g4 Re8 12. h4 Nd5 13. Bd2 Ne5 14. Qe4
Nb6 15. Bd3 Nxd3+ 16. Qxd3 d5 17. h5 Bd7 18. g5 Qe7 19. g6 Qa3+ 20. Kb1 Re7 21.
gxh7+ Kh8 22. Nf5 Bxf5 23. Qxf5 Nc4 24. Bc1 Qd6 25. Rxd5 Qb6+ 26. Ka1 Ne3 27.
Bxe3 Qxe3 28. Rd3 Qe6 29. Qxe6 Rxe6 30. Kb2 Rae8 31. Rh2 Kxh7 32. Rd7 R8e7 33.
Rxe7 Rxe7 34. Rh4 Kh6 35. f4 Re4 36. Kb3 b5 37. a3 a5 38. Kb2 c5 39. Kb3 f5 40.
Kb2 a4 41. Ka2 Re2 42. Kb2 Rg2 0-1

[Event "III Memorial Dario Ruzzier"]
[Site "Udine ITA"]
[Date "2007.10.06"]
[Round "3"]
[White "Rossi, Francesco"]
[Black "Zarattini, Luciano"]
[Result "1-0"]
[WhiteElo "1596"]
[BlackElo "1458"]
[PlyCount "135"]
[EventDate "2007.09.22"]

1. e4 g6 2. d4 Bg7 3. Nc3 c6 4. f4 d5 5. e5 Nh6 6. Nf3 f6 7. Bd3 Bg4 8. O-O O-O
9. h3 Bxf3 10. Rxf3 fxe5 11. fxe5 e6 12. Be3 Nd7 13. Rxf8+ Qxf8 14. Qd2 Nf7 15.
Ne2 Qe7 16. Rf1 c5 17. c3 cxd4 18. cxd4 Rc8 19. Rc1 Rxc1+ 20. Qxc1 Qd8 21. Nf4
Nf8 22. Be2 Qd7 23. Nd3 Nd8 24. Nc5 Qc7 25. Bg4 b6 26. Nd3 Qxc1+ 27. Bxc1 Nc6
28. Be3 h5 29. Bd1 Kf7 30. g4 hxg4 31. hxg4 Nd7 32. Ba4 Ndb8 33. b4 a6 34. Kf2
Bf8 35. a3 Bg7 36. Ke2 Bf8 37. Kd2 b5 38. Bd1 a5 39. Kc3 axb4+ 40. axb4 Na6 41.
Be2 Ncxb4 42. Nxb4 Bxb4+ 43. Kb3 Be7 44. Bxb5 Nc7 45. Bd3 g5 46. Ka4 Ke8 47.
Ka5 Kd8 48. Kb6 Ne8 49. Bg6 Ng7 50. Kc6 Kc8 51. Bf7 Kd8 52. Bd2 Kc8 53. Ba5 Bf8
54. Bb6 Be7 55. Bg6 Bf8 56. Bc5 Bxc5 57. Kxc5 Kc7 58. Kb5 Kb7 59. Bf7 Kc7 60.
Kc5 Kd7 61. Bg6 Kc7 62. Bf7 Kd7 63. Kb6 Ke7 64. Bg6 Kd7 65. Kb7 Kd8 66. Kc6 Ne8
67. Bxe8 Kxe8 68. Kd6 1-0

[Event "III Memorial Dario Ruzzier"]
[Site "Udine ITA"]
[Date "2007.10.06"]
[Round "3"]
[White "Stefanutti, Piero"]
[Black "Bisaro, Andrea"]
[Result "0-1"]
[WhiteElo "1371"]
[BlackElo "1545"]
[PlyCount "86"]
[EventDate "2007.09.22"]

1. e4 Nf6 2. e5 Nd5 3. d4 d6 4. Nf3 Nc6 5. Be2 Bg4 6. exd6 exd6 7. O-O Be7 8.
c4 Nb6 9. b3 O-O 10. Bb2 Bf6 11. Nbd2 Bf5 12. a3 Ne7 13. Re1 Ng6 14. Nf1 Nf4
15. Ne3 Nxe2+ 16. Rxe2 Bd7 17. Qd3 Re8 18. Rae1 a6 19. c5 Bb5 20. Nc4 Rxe2 21.
Qxe2 dxc5 22. dxc5 Bxb2 23. Qxb2 Nxc4 24. bxc4 Bxc4 25. Qe5 c6 26. Qe7 Qxe7 27.
Rxe7 Rb8 28. Ne5 Be6 29. f4 Kf8 30. Rc7 Ke8 31. g4 Kd8 32. Rxf7 Bxf7 33. Nxf7+
Ke7 34. Ng5 h6 35. Ne4 Rd8 36. g5 hxg5 37. fxg5 Rd4 38. Nd6 Rxd6 39. cxd6+ Kxd6
40. h4 Ke5 41. Kf2 Kf5 42. Kf3 c5 43. Ke3 Kg4 0-1

[Event "III Memorial Dario Ruzzier"]
[Site "Udine ITA"]
[Date "2007.10.20"]
[Round "4"]
[White "Bertolutti, Francesca"]
[Black "Di Gaspero, Enrico"]
[Result "0-1"]
[WhiteElo "1422"]
[BlackElo "1446"]
[PlyCount "76"]
[EventDate "2007.09.22"]

1. e4 e6 2. d4 d5 3. exd5 exd5 4. Bf4 Bf5 5. Nf3 Nd7 6. a3 Ne7 7. Nc3 c6 8. Nh4
Ng6 9. Nxf5 Nxf4 10. Ne2 Qf6 11. Nfg3 Ne6 12. c3 Bd6 13. Qc2 O-O 14. Qf5 Rfe8
15. Qxf6 Nxf6 16. Nf5 Bc7 17. g3 g6 18. Ne3 Ng7 19. Bh3 Re4 20. Rd1 Rae8 21.
Rd3 Nf5 22. O-O Nxe3 23. fxe3 Rxe3 24. Rxe3 Rxe3 25. Kf2 Rd3 26. Ke1 Ne4 27.
Bc8 Nd6 28. Nc1 Re3+ 29. Kd2 Nc4+ 30. Kc2 Nd6 31. Bh3 f5 32. Bg2 Kf7 33. Rf3
Nc4 34. a4 Rxf3 35. Bxf3 Ne3+ 36. Kd3 Nf1 37. Nb3 Nxh2 38. Nc5 Nxf3 0-1

[Event "III Memorial Dario Ruzzier"]
[Site "Udine ITA"]
[Date "2007.10.20"]
[Round "4"]
[White "Bisaro, Andrea"]
[Black "Orsatti, Marcello"]
[Result "0-1"]
[WhiteElo "1545"]
[BlackElo "1857"]
[PlyCount "76"]
[EventDate "2007.09.22"]

1. e4 d6 2. d4 Nf6 3. Nc3 c6 4. f3 Qa5 5. Be3 e5 6. d5 cxd5 7. exd5 Be7 8. Bc4
O-O 9. Nge2 Bf5 10. Ng3 Bg6 11. Qd2 Nbd7 12. h4 h5 13. Bg5 Qd8 14. Nce4 Rc8 15.
Nxf6+ Nxf6 16. Bd3 Bxd3 17. Qxd3 Qa5+ 18. c3 Qxd5 19. Qxd5 Nxd5 20. Bxe7 Nxe7
21. Nxh5 d5 22. Kd2 Rfd8 23. Rac1 Nf5 24. g4 Nd6 25. b3 Rc6 26. Ng3 Rdc8 27.
Rhd1 f6 28. g5 Kf7 29. gxf6 gxf6 30. h5 Rd8 31. Rg1 Rc5 32. Rg2 Rdc8 33. h6 Rh8
34. Rh1 Nf5 35. Rhg1 Nxh6 36. Nf1 Rg8 37. Rxg8 Nxg8 38. Ne3 Ke6 0-1

[Event "III Memorial Dario Ruzzier"]
[Site "Udine ITA"]
[Date "2007.10.20"]
[Round "4"]
[White "De Monte, David"]
[Black "Stefanutti, Piero"]
[Result "1-0"]
[WhiteElo "1464"]
[BlackElo "1371"]
[PlyCount "79"]
[EventDate "2007.09.22"]

1. e4 c5 2. Nf3 e6 3. Nc3 Nc6 4. Bb5 Qc7 5. d3 a6 6. Bxc6 bxc6 7. b3 Ne7 8. O-O
Ng6 9. Ne2 a5 10. Bb2 a4 11. Re1 a3 12. Bc3 d6 13. h3 f6 14. Qc1 Be7 15. Nf4 e5
16. Nh5 O-O 17. Ng3 Be6 18. Bd2 d5 19. Rb1 Rfb8 20. exd5 Bxd5 21. Nh2 Nh4 22.
f3 Qd7 23. Ne4 Be6 24. Nf2 Nf5 25. f4 Bd6 26. Ne4 Bd5 27. Nxd6 Qxd6 28. fxe5
fxe5 29. c4 Bf7 30. Qc3 Qd4+ 31. Qxd4 exd4 32. Re5 Bg6 33. Rxc5 Ne3 34. Nf3
Bxd3 35. Re1 Bc2 36. Nxd4 Nxc4 37. Rxc4 Bxb3 38. Nxb3 Rxb3 39. axb3 a2 40. Ra1
1-0

[Event "III Memorial Dario Ruzzier"]
[Site "Udine ITA"]
[Date "2007.10.20"]
[Round "4"]
[White "Gentile, Bruno"]
[Black "Salone, Andrea"]
[Result "1-0"]
[WhiteElo "1449"]
[BlackElo "1491"]
[PlyCount "27"]
[EventDate "2007.09.22"]

1. e4 d6 2. d4 Nf6 3. Nc3 g6 4. Bc4 Bg7 5. Nf3 O-O 6. O-O a6 7. Re1 Nbd7 8. Bg5
b5 9. Bb3 c5 10. dxc5 dxc5 11. e5 Ng4 12. e6 fxe6 13. Bxe6+ Kh8 14. Bxg4 1-0

[Event "III Memorial Dario Ruzzier"]
[Site "Udine ITA"]
[Date "2007.10.20"]
[Round "4"]
[White "Pecchiari, Alberto"]
[Black "Degano, Emanuele"]
[Result "0-1"]
[WhiteElo "1287"]
[BlackElo "1623"]
[PlyCount "121"]
[EventDate "2007.09.22"]

1. e4 c5 2. Nc3 e6 3. g3 d5 4. d3 d4 5. Nce2 e5 6. Nf3 Nc6 7. Bg2 h6 8. c3 Be6
9. O-O Qd7 10. Re1 Bh3 11. Bh1 Be7 12. cxd4 cxd4 13. a3 h5 14. b4 a6 15. Ng5 h4
16. f4 Bxg5 17. fxg5 hxg3 18. Nxg3 Nge7 19. Qf3 Bg4 20. Qf2 Nd8 21. Bf3 Bxf3
22. Qxf3 Qh3 23. Ra2 Rc8 24. a4 O-O 25. Qg2 Qd7 26. Nh5 Rc3 27. Qg3 Ng6 28. Rf1
Qc6 29. Bd2 Rc2 30. b5 axb5 31. axb5 Qc5 32. Bb4 Qxb4 33. Rxc2 Ne6 34. Rcf2
Nef4 35. Nxf4 exf4 36. Qg4 Qxb5 37. h4 Qxd3 38. h5 Qg3+ 39. Rg2 Qe3+ 40. Rff2
Ne5 41. Qxf4 Qxf4 42. Rxf4 Rd8 43. Rf5 Nc4 44. g6 Ne3 45. gxf7+ Kf8 46. Rd2
Nxf5 47. exf5 Kxf7 48. Kf1 Rd5 49. Ke2 Kf6 50. Kd3 b5 51. Rb2 Kxf5 52. Rg2 Kf6
53. Rg6+ Kf7 54. Rb6 Rxh5 55. Kxd4 g6 56. Ke4 Kg7 57. Kf4 Rc5 58. Kg4 g5 59.
Kh5 Kf7 60. Kg4 Ke7 61. Kh5 0-1

[Event "III Memorial Dario Ruzzier"]
[Site "Udine ITA"]
[Date "2007.10.20"]
[Round "4"]
[White "Rorato, Giovanni Riccardo"]
[Black "Bizzoco, Vito"]
[Result "1-0"]
[WhiteElo "2050"]
[BlackElo "1769"]
[PlyCount "93"]
[EventDate "2007.09.22"]

1. d4 d5 2. c4 e6 3. Nf3 Nf6 4. g3 Be7 5. Bg2 c6 6. Nbd2 Nbd7 7. O-O O-O 8. Qc2
b6 9. e4 dxe4 10. Nxe4 Nxe4 11. Qxe4 Bb7 12. b3 Nf6 13. Qe2 c5 14. Bb2 cxd4 15.
Nxd4 Bxg2 16. Kxg2 Qc7 17. Rfe1 Qb7+ 18. Qf3 Qxf3+ 19. Kxf3 Rac8 20. a3 Rfd8
21. Red1 Rc7 22. Nb5 Rcd7 23. Nc3 Rd2 24. Rab1 R8d3+ 25. Kg2 Ng4 26. Rxd2 Rxd2
27. Ne4 Re2 28. Kf3 Rc2 29. Kxg4 f5+ 30. Kf3 fxe4+ 31. Kxe4 Rxf2 32. h4 Bf6 33.
Bxf6 gxf6 34. Rd1 Re2+ 35. Kf4 Rf2+ 36. Ke3 Rb2 37. b4 Rb3+ 38. Rd3 Rxd3+ 39.
Kxd3 h5 40. Ke4 Kf7 41. Kf4 Ke7 42. g4 e5+ 43. Kf5 e4 44. Kxe4 hxg4 45. Kf4 f5
46. c5 bxc5 47. bxc5 1-0

[Event "III Memorial Dario Ruzzier"]
[Site "Udine ITA"]
[Date "2007.10.20"]
[Round "4"]
[White "Rozmann, Glauco"]
[Black "Paiaro, Solivano"]
[Result "1-0"]
[WhiteElo "1476"]
[BlackElo "1236"]
[PlyCount "59"]
[EventDate "2007.09.22"]

1. d4 d5 2. c4 Nf6 3. Nf3 dxc4 4. Nc3 h6 5. e4 c6 6. Bxc4 Bg4 7. h3 Bxf3 8.
gxf3 e6 9. Be3 Bb4 10. Qb3 a5 11. O-O-O b5 12. Be2 a4 13. Qc2 Qe7 14. Rd3 Nh5
15. e5 Qh4 16. a3 Ba5 17. Ne4 Bc7 18. Kb1 Nf4 19. Bxf4 Qxf4 20. Qc5 Qh4 21. Rg1
Rg8 22. Rg3 Bd8 23. Nd6+ Kd7 24. Nxf7 Qe7 25. Nxd8 Qxd8 26. Qd6+ Kc8 27. Qxe6+
Kb7 28. Qf7+ Kb6 29. Rxg7 Rf8 30. Qb7+ 1-0

[Event "III Memorial Dario Ruzzier"]
[Site "Udine ITA"]
[Date "2007.10.20"]
[Round "4"]
[White "Santacroce, Fidel"]
[Black "Fermo, Ruggero"]
[Result "0-1"]
[WhiteElo "1586"]
[BlackElo "1801"]
[PlyCount "118"]
[EventDate "2007.09.22"]

1. e4 e5 2. Nf3 Nc6 3. Bc4 Be7 4. d4 d6 5. dxe5 dxe5 6. Qxd8+ Bxd8 7. Nc3 Bg4
8. Be3 a6 9. h3 Bh5 10. O-O h6 11. a3 Nf6 12. b4 O-O 13. g4 Bg6 14. Bd5 Re8 15.
Rfe1 Nxd5 16. exd5 Na7 17. Bxa7 Rxa7 18. Rxe5 Rxe5 19. Nxe5 Bf6 20. Re1 Bxc2
21. f4 Ra8 22. Ne4 Rd8 23. Nc5 Rxd5 24. Nxb7 Rd4 25. Nc5 Rxf4 26. Nxa6 Be4 27.
Nd7 Bd4+ 28. Kh2 g5 29. Re2 c6 30. Nac5 Bd5 31. Nb6 Bf3 32. Re8+ Kg7 33. a4 Bc3
34. Nd3 Rd4 35. Re3 Bd5 36. Nxd5 cxd5 37. a5 Bxb4 38. a6 Bd6+ 39. Kg2 Ra4 40.
Ne5 Rxa6 41. Nf3 Ra2+ 42. Kh1 Ra1+ 43. Kg2 Rd1 44. Re8 Bf4 45. Rd8 Kf6 46. Rh8
Kg7 47. Rd8 Kg6 48. Rg8+ Kf6 49. Rh8 d4 50. Rxh6+ Ke7 51. Ra6 d3 52. Ra2 Rc1
53. Ra7+ Kf6 54. Rd7 d2 55. Nxd2 Rc2 56. h4 Rxd2+ 57. Rxd2 Bxd2 58. h5 Ke5 59.
Kf3 Bc3 0-1